El Teatro (Record no. 185043)

MARC details
000 -LEADER
campo de control de longitud fija 00719nam a2200169 i 4500
001 - NÚMERO DE CONTROL
campo de control 185043
003 - IDENTIFICADOR DE NÚMERO DE CONTROL
campo de control ES-MaACL
005 - FECHA Y HORA DE LA ÚLTIMA TRANSACCIÓN
campo de control 20250903084240.0
008 - DATOS DE LONGITUD FIJA--INFORMACIÓN GENERAL
campo de control de longitud fija 160308s1879 sp |||| | spa d
245 03 - MENCIÓN DEL TÍTULO
Título El Teatro
Resto del título : colección de obras dramáticas y líricas, literarias y de educación de Hijos de A. Gullón : catálogo de las obras pertenecientes a dicha Colección o Galería en 1º de marzo de 1879.
260 ## - PUBLICACIÓN, DISTRIBUCIÓN, ETC.
Lugar de publicación, distribución, etc. Madrid :
Nombre del editor, distribuidor, etc. Hijos de A. Gullón,
Fecha de publicación, distribución, etc. 1879.
300 ## - DESCRIPCIÓN FÍSICA
Extensión 60 p. ;
Dimensiones 21 cm.
650 #7 - PUNTO DE ACCESO ADICIONAL DE MATERIA--TÉRMINO DE MATERIA
Término de materia o nombre geográfico como elemento de entrada Catálogos de editores-
Subdivisión cronológica S.XIX
Fuente del encabezamiento o término
9 (RLIN) 169796
650 #4 - PUNTO DE ACCESO ADICIONAL DE MATERIA--TÉRMINO DE MATERIA
Término de materia o nombre geográfico como elemento de entrada Teatro (Género literario)-
Subdivisión de forma Bibliografías.
9 (RLIN) 17364
852 ## - LOCALIZACIÓN
Ubicación ES-MaACL
Número de control de estantería 1528-F-7
Nota libre .- Firma manuscrita Gustavo Saenz Diez
Holdings
Estatus retirado Estado de pérdida Estado de daño No para préstamo Colección Biblioteca de origen Biblioteca actual Ubicación en estantería Fecha de adquisición Fuente de adquisición Total de préstamos Signatura topográfica completa Código de barras Visto por última vez Precio de reemplazo Tipo de ítem Koha
        Colección de folletos Biblioteca del Ateneo de Madrid Biblioteca del Ateneo de Madrid Depósito folletos 08/03/2016     1528-F-7 1194904 23/02/2023 23/02/2023 Folleto